000 00644nam a2200241 i 4500
001 C2-0035589
003 PPAK
005 20190630222048.0
008 970220s1992 my a|||| ||||| | eng d
020 _a9837300175
040 _aPPAK
_beng
_cPPAK
_erda
082 0 4 _a823
_223
090 0 0 _a823
_bDEV
_dK
100 1 _aDev, S.S.,
_eauthor
245 1 0 _aBusu - the pirate
264 1 _aMelaka :
_bPustaka Mutiara ,
_c1992
300 _a39 pages :
_bcolour illustrations ;
_c26 cm
336 _2rdacontent
_atext
337 _2rdamedia
_aunmediated
338 _2rdacarrier
_avolume
650 1 0 _aChildren's stories, English
942 _ddc
_cB
999 _c6392
_d6392